ইতিহাসের মহাবীর: (Record no. 14480)
[ view plain ]
| 000 -LEADER | |
|---|---|
| fixed length control field | 01278nam a22002537a 4500 |
| 001 - CONTROL NUMBER | |
| JCCL Control Number | 14480 |
| 003 - CONTROL NUMBER IDENTIFIER | |
| JCCL marc code | BD-JhCC |
| 005 - DATE AND TIME OF LATEST TRANSACTION | |
| control field | 20251209112912.0 |
| 008 - FIXED-LENGTH DATA ELEMENTS--GENERAL INFORMATION | |
| fixed length control field | 251209b |||||||| |||| 00| 0 eng d |
| 035 ## - SYSTEM CONTROL NUMBER | |
| system control number | (BD-JhCC) 14480 |
| 040 ## - CATALOGING SOURCE | |
| Original cataloging agency | BD-JhCC |
| Modifying agency | BD-JhCC |
| 041 ## - LANGUAGE CODE | |
| Language code of Book | বাংলা |
| 082 ## - DEWEY DECIMAL CLASSIFICATION NUMBER | |
| DDC Edition number | 23 |
| Classification number | 297.092 |
| Author mark and Year | AKR 2021 |
| 100 ## - MAIN ENTRY--PERSONAL NAME | |
| Personal name | আকরাম আলী খান,এ আই |
| 245 ## - TITLE STATEMENT | |
| Title | ইতিহাসের মহাবীর: |
| Remainder of title | খালিদ বিন ওয়ালিদ রাযিয়াল্লাহু আনহু / |
| Statement of responsibility, etc | মেজর জেনারেল এ আই আকরাম আলী খান, অনুবাদঃ নাজমুল হুদা শিবলী |
| 260 ## - PUBLICATION, DISTRIBUTION, ETC. (IMPRINT) | |
| Place of publication, distribution, etc | ঢাকাঃ |
| Name of publisher, distributor, etc | আল ইখলাছ পাবলিকেশন, |
| Date of publication, distribution, etc | ২০২১ |
| 300 ## - PHYSICAL DESCRIPTION | |
| Pagination | ৩২০ পৃ.; |
| Dimensions | ২২ সেমি. |
| Accompanying material | পেপার বাইণ্ডিং |
| 505 ## - FORMATTED CONTENTS NOTE | |
| Formatted contents note | ১ম ও ২য় খণ্ড |
| 650 ## - SUBJECT ADDED ENTRY--TOPICAL TERM | |
| Topical term or geographic name as entry element | খালিদ বিন ওয়ালিদ (রাঃ |
| 650 ## - SUBJECT ADDED ENTRY--TOPICAL TERM | |
| Topical term or geographic name as entry element | ইসলামি ব্যক্তিত্বের জীবনী |
| 650 ## - SUBJECT ADDED ENTRY--TOPICAL TERM | |
| Topical term or geographic name as entry element | মুসলিম সমরনায়ক |
| 700 ## - ADDED ENTRY--PERSONAL NAME | |
| Personal name | শিবলী,নাজমুল হুদা |
| Fuller form of name | [অনুবাদক] |
| 942 ## - ADDED ENTRY ELEMENTS (KOHA) | |
| Source of classification or shelving scheme | Dewey Decimal Classification |
| Koha item type | Books |
| Source of classification or shelving scheme | Damaged status | Not for loan | Collection code | Home library | Current library | Shelving location | Date of accession | Total Checkouts | Full call number | Barcode | Date last seen | Date checked out | Copy number | Method of acquisition | Koha item type | Currency | Checked out |
|---|---|---|---|---|---|---|---|---|---|---|---|---|---|---|---|---|---|
| Dewey Decimal Classification | Non-fiction | JCC Rouf Library | JCC Rouf Library | General Stacks | 1 | 297.092 AKR 2021 | 20396 | 02/09/2026 | 12/18/2025 | P-1, C-2 | Purchase | Books | BDT | ||||
| Dewey Decimal Classification | Non-fiction | JCC Rouf Library | JCC Rouf Library | General Stacks | 297.092 AKR 2021 | 20395 | 12/09/2025 | P-1, C-1 | Purchase | Books | BDT | ||||||
| Dewey Decimal Classification | Non-fiction | JCC Rouf Library | JCC Rouf Library | General Stacks | 1 | 297.092 AKR 2021 | 20397 | 01/25/2026 | 01/25/2026 | P-2, C-1 | Purchase | Books | BDT | 02/18/2026 | |||
| Dewey Decimal Classification | Non-fiction | JCC Rouf Library | JCC Rouf Library | General Stacks | 297.092 AKR 2021 | 20398 | 12/09/2025 | P-2, C-2 | Purchase | Books | BDT |